| 000 | 00430cam a2200169ua 4500 | ||
|---|---|---|---|
| 041 |
_aeng _h |
||
| 082 |
_a822 _bMAR/PL |
||
| 100 | _aMarlowe, . | ||
| 245 |
_aPlays & Poems / _cMarlowe. _hTextual Documents |
||
| 260 |
_aLondon : _bJ M Dent and sons ltd , _c1961. |
||
| 300 | _a462 ; . | ||
| 440 | 0 |
_aEveryman`s Library, _v383 _x; |
|
| 490 | 0 |
_aEveryman`s Library, _v383 _x; |
|
| 504 | _a | ||
| 942 | _cBK | ||
| 999 |
_c4451 _d4451 |
||